000 00772nas a2200265 4500
001 BR0704120
003 BR-BrBNA
005 20231205111103.0
007 ta
008 230509b bl.|||p| |||| 00| 00por d
040 _aBR-BrBNA
_bpor
_cBiblioteca Nacional de Agricultura
041 _a(Pt)
072 _aL40
100 1 _aBarbosa, R.T.
100 1 _aEsper, C.R.
245 1 _aAvaliação e demonstração da atividade citocromo C oxidase em espermatozóides bovinos
650 _aTOURO
650 _aSÊMEN
650 _aESPERMATOZÓIDE
650 _aDESCONGELAMENTO
650 _aENZIMA
773 0 _tARS Veterinária (Brazil)
_xISSN 0102-6380
_g(1997), v. 13(3) p. 218-223
_wBR0704120
909 _a202311
_bLúcia
_c55
_dLúcia Elande
942 _2AGRIS
_n0
_cANA
999 _c190570
_d190570